[Event "Pozarevac Rudar GM2 12"]
[Site "Pozarevac"]
[Date "2024.12.16"]
[Round "8"]
[White "Krishnater, Kushager"]
[Black "Wang, Hao Yuan"]
[Result "1/2-1/2"]
[WhiteElo "2411"]
[BlackElo "2317"]
[PlyCount "21"]
[EventDate "2024.12.10"]
[EventType "tourn"]
[EventRounds "9"]
[EventCountry "SRB"]
[EventCategory "6"]
[SourceTitle "CB04_2025"]
[SourceDate "2025.01.22"]
[SourceVersion "1"]
[SourceVersionDate "2025.01.22"]
[SourceQuality "1"]

1. d4 Nf6 2. c4 e6 3. Nf3 d5 4. Qc2 c6 5. Nbd2 Nbd7 6. g3 Bd6 7. Bg2 0-0 8. 0-0 Re8 9. e4 dxe4 10. Nxe4 Nxe4 11. Qxe4 1/2-1/2

[Event "Budapest Vezerkepzo Christmas GM"]
[Site "Budapest"]
[Date "2022.12.31"]
[Round "6"]
[White "Aczel, Gergely"]
[Black "Krishnater, Kushager"]
[Result "0-1"]
[WhiteElo "2523"]
[BlackElo "2410"]
[PlyCount "133"]
[EventDate "2022.12.26"]
[EventType "tourn"]
[EventRounds "9"]
[EventCountry "HUN"]
[SourceTitle "CBM 212 Extra"]
[Source "ChessBase"]
[SourceDate "2023.03.31"]
[SourceVersion "1"]
[SourceVersionDate "2023.03.31"]
[SourceQuality "1"]

1. Nf3 c5 2. c4 Nf6 3. Nc3 Nc6 4. g3 d5 5. cxd5 Nxd5 6. Bg2 g6 7. d4 Bg7 8. e3 Nc7 9. 0-0 cxd4 10. Nxd4 Nxd4 11. exd4 Qxd4 12. Qxd4 Bxd4 13. Bh6 Bd7 14. Rac1 Bc6 15. Bxc6+ bxc6 16. Ne2 Bxb2 17. Rxc6 Ne6 18. Rb1 Ba3 19. Ra6 Bc5 20. Rb7 0-0-0 21. Rb2 Rd6 22. Ra4 Rb6 23. Rc2 Kb7 24. Nf4 Rc8 25. Nd3 Bd4 26. Rxc8 Kxc8 27. Kg2 Rd6 28. Nf4 Nxf4+ 29. Bxf4 e5 30. Be3 Kb7 31. Kf3 h5 32. Ke2 Bxe3 33. Kxe3 f5 34. h4 Ra6 35. Rb4+ Kc6 36. a4 Rb6 37. Rc4+ Kd5 38. Rc7 Ra6 39. Rd7+ Ke6 40. Rg7 Kf6 41. Rc7 Rxa4 42. Rc6+ Kg7 43. Rc7+ Kh6 44. Kf3 Ra3+ 45. Kg2 e4 46. Rd7 Ra2 47. Kg1 a5 48. Ra7 Ra3 49. Kg2 a4 50. Re7 Rf3 51. Rc7 Rb3 52. Ra7 a3 53. Kg1 f4 54. gxf4 Rh3 55. Ra6 Kg7 56. Ra4 a2 57. Rxa2 Rxh4 58. Kf1 Rxf4 59. Ke2 g5 60. Ke3 h4 61. Ra7+ Kg6 62. Ra6+ Kf5 63. Rh6 Rf3+ 64. Ke2 h3 65. Rh8 Kg4 66. Rh7 Ra3 67. Rh8 0-1

[Event "Budapest Vezerkepzo GM 12"]
[Site "Budapest"]
[Date "2022.12.21"]
[Round "7"]
[White "Glek, Igor Vladimirovich"]
[Black "Krishnater, Kushager"]
[Result "0-1"]
[WhiteElo "2448"]
[BlackElo "2410"]
[PlyCount "128"]
[EventDate "2022.12.14"]
[EventType "tourn"]
[EventRounds "9"]
[EventCountry "HUN"]
[EventCategory "6"]
[SourceTitle "CBM 211 Extra"]
[Source "ChessBase"]
[SourceDate "2023.01.31"]
[SourceVersion "1"]
[SourceVersionDate "2023.01.31"]
[SourceQuality "1"]

1. e4 c5 2. Nf3 d6 3. d4 cxd4 4. Nxd4 Nf6 5. Nc3 a6 6. a4 e5 7. Nf3 h6 8. g3 Be6 9. Bg2 Qc7 10. 0-0 Be7 11. Re1 0-0 12. Nh4 Rd8 13. Nd5 Nxd5 14. exd5 Bc8 15. Qh5 Nd7 16. Nf5 Nf6 17. Nxe7+ Qxe7 18. Qe2 Bg4 19. f3 Bh5 20. g4 Bg6 21. f4 Bh7 22. c4 Nd7 23. a5 Qh4 24. Ra3 f5 25. gxf5 Bxf5 26. Qf2 Qh5 27. Rg3 Nc5 28. Bf3 Qf7 29. fxe5 Nd3 30. e6 Qf6 31. Qe3 Nxe1 32. Qxe1 Kh7 33. Qd2 Rg8 34. b3 Qa1 35. Kg2 g5 36. Bb2 Qa2 37. Be2 Be4+ 38. Bf3 Bg6 39. h3 Qxb3 40. Bd1 Be4+ 41. Kh2 Qxc4 42. Rc3 Qf1 43. Bf3 Bf5 44. Qd4 Qxh3+ 45. Kg1 Qg3+ 46. Bg2 Qe1+ 47. Bf1 Raf8 48. Rc7+ Kg6 49. Rf7 Qg3+ 50. Bg2 Bh3 51. Qe4+ Kh5 52. Qf3+ Qxf3 53. Bxf3+ g4 54. Rxf8 Rxf8 55. Be2 Kg6 56. Ba3 g3 57. Bxd6 Rd8 58. e7 Re8 59. Bc5 Rc8 60. d6 Bd7 61. Be3 Rc3 62. Bg4 Bc6 63. d7 Rxe3 64. Bf3 Bxd7 0-1

[Event "Budapest Vezerkepzo GM 12"]
[Site "Budapest"]
[Date "2022.12.17"]
[Round "4"]
[White "Krishnater, Kushager"]
[Black "Gaal, Zsoka"]
[Result "1/2-1/2"]
[WhiteElo "2410"]
[BlackElo "2278"]
[PlyCount "64"]
[EventDate "2022.12.14"]
[EventType "tourn"]
[EventRounds "9"]
[EventCountry "HUN"]
[EventCategory "6"]
[SourceTitle "CBM 211 Extra"]
[Source "ChessBase"]
[SourceDate "2023.01.31"]
[SourceVersion "1"]
[SourceVersionDate "2023.01.31"]
[SourceQuality "1"]

1. e4 e5 2. Nf3 Nc6 3. Bb5 a6 4. Ba4 Nf6 5. 0-0 b5 6. Bb3 Bc5 7. a4 Rb8 8. c3 d6 9. d4 Bb6 10. a5 Ba7 11. Be3 Bg4 12. dxe5 Bxf3 13. Qxf3 Nxe5 14. Qe2 Bxe3 15. Qxe3 0-0 16. Nd2 Re8 17. f4 Nc4 18. Nxc4 bxc4 19. Bxc4 Rxe4 20. Qd3 Rxb2 21. Bd5 Re8 22. Bc6 Re6 23. Rab1 Rxb1 24. Rxb1 d5 25. Qxa6 g6 26. Qa7 Qe7 27. h3 Re1+ 28. Rxe1 Qxe1+ 29. Kh2 Ne4 30. Bxd5 Qg3+ 31. Kg1 Qe1+ 32. Kh2 Qg3+ 1/2-1/2

[Event "Budapest Vezerkepzo GM 12"]
[Site "Budapest"]
[Date "2022.12.16"]
[Round "3"]
[White "Krishnater, Kushager"]
[Black "Juhasz, Agoston Botond"]
[Result "1-0"]
[WhiteElo "2410"]
[BlackElo "2314"]
[PlyCount "77"]
[EventDate "2022.12.14"]
[EventType "tourn"]
[EventRounds "9"]
[EventCountry "HUN"]
[EventCategory "6"]
[SourceTitle "CBM 211 Extra"]
[Source "ChessBase"]
[SourceDate "2023.01.31"]
[SourceVersion "1"]
[SourceVersionDate "2023.01.31"]
[SourceQuality "1"]

1. d4 Nf6 2. c4 g6 3. Nc3 d5 4. Qb3 dxc4 5. Qxc4 Be6 6. Qb5+ Bd7 7. Qb3 c5 8. d5 b5 9. e4 b4 10. e5 Ng4 11. Ne4 Nxe5 12. Nxc5 Bg7 13. h3 Qa5 14. Be3 Bc8 15. Rc1 0-0 16. Ne2 Na6 17. Ng3 Nxc5 18. Rxc5 Qd8 19. Bb5 a6 20. Ba4 e6 21. Bc6 Nxc6 22. dxc6 a5 23. 0-0 Qc7 24. Rd1 e5 25. Ne4 Be6 26. Qa4 Rfb8 27. Rd7 Bxd7 28. cxd7 Qd8 29. Bg5 Qb6 30. Qc2 Qb7 31. Rc7 Qa6 32. Nc5 Qb6 33. Nb7 Rxb7 34. Rc8+ Bf8 35. Rxa8 Rxd7 36. Qc8 Rd1+ 37. Kh2 Qd6 38. Bh6 e4+ 39. g3 1-0

[Event "Budapest Vezerkepzo GM 12"]
[Site "Budapest"]
[Date "2022.12.14"]
[Round "1"]
[White "Krishnater, Kushager"]
[Black "Varga, Zoltan"]
[Result "1/2-1/2"]
[WhiteElo "2410"]
[BlackElo "2393"]
[PlyCount "39"]
[EventDate "2022.12.14"]
[EventType "tourn"]
[EventRounds "9"]
[EventCountry "HUN"]
[EventCategory "6"]
[SourceTitle "CBM 211 Extra"]
[Source "ChessBase"]
[SourceDate "2023.01.31"]
[SourceVersion "1"]
[SourceVersionDate "2023.01.31"]
[SourceQuality "1"]

1. e4 Nf6 2. e5 Nd5 3. d4 d6 4. c4 Nb6 5. f4 dxe5 6. fxe5 Bf5 7. Nc3 e6 8. Be3 Bb4 9. Nf3 0-0 10. Be2 c5 11. 0-0 cxd4 12. Nxd4 Bg6 13. Ncb5 N8d7 14. a3 Be7 15. Nf3 Be4 16. Bd4 Qb8 17. Qe1 Bxf3 18. Rxf3 Nxe5 19. Rg3 Ng6 20. c5 1/2-1/2

[Event "Sukooon Resort Indian"]
[Site "Chess.com INT"]
[Date "2020.05.16"]
[Round "9.1"]
[White "Krishnater, Kushager"]
[Black "Stany, George Anthony"]
[Result "0-1"]
[WhiteElo "2410"]
[BlackElo "2522"]
[PlyCount "84"]
[EventDate "2020.05.15"]
[EventType "team-tourn (rapid)"]
[EventRounds "9"]
[EventCountry "IND"]
[SourceTitle "CBM 196 Extra"]
[Source "ChessBase"]
[SourceDate "2020.07.31"]
[SourceVersion "1"]
[SourceVersionDate "2020.07.31"]
[SourceQuality "1"]
[WhiteTeam "Chess Pathshala"]
[BlackTeam "Chess Thulir"]
[WhiteTeamCountry "IND"]
[BlackTeamCountry "IND"]

1. d4 d5 2. Nf3 Nf6 3. c4 c6 4. Nc3 e6 5. e3 Nbd7 6. Qc2 a5 7. Bd3 dxc4 8. Bxc4 b5 9. Bd3 b4 10. Ne4 Nxe4 11. Bxe4 Bb7 12. 0-0 Rc8 13. Ne5 Nxe5 14. dxe5 Qc7 15. f4 c5 16. f5 Bxe4 17. Qxe4 exf5 18. Qxf5 c4 19. e6 f6 20. Qh5+ g6 21. Qh3 Bg7 22. e7 Qd7 23. Qf3 Qxe7 24. Qd5 Rc5 25. Qa8+ Kf7 26. Qf3 Re8 27. a3 b3 28. Bd2 f5 29. Rae1 Qe4 30. Qh3 Kg8 31. Bc1 c3 32. bxc3 Bxc3 33. Re2 a4 34. Rd1 Rd5 35. Rf1 Red8 36. Qg3 Rd1 37. Qc7 Be5 38. Qc5 Bxh2+ 39. Kxh2 Qh4+ 40. Kg1 Rxf1+ 41. Kxf1 Rd1+ 42. Re1 Rxe1# 0-1

[Event "Sukooon Resort Indian"]
[Site "Chess.com INT"]
[Date "2020.05.16"]
[Round "7.2"]
[White "Krishnater, Kushager"]
[Black "Swayams, Mishra"]
[Result "1/2-1/2"]
[WhiteElo "2410"]
[BlackElo "2489"]
[PlyCount "135"]
[EventDate "2020.05.15"]
[EventType "team-tourn (rapid)"]
[EventRounds "9"]
[EventCountry "IND"]
[SourceTitle "CBM 196 Extra"]
[Source "ChessBase"]
[SourceDate "2020.07.31"]
[SourceVersion "1"]
[SourceVersionDate "2020.07.31"]
[SourceQuality "1"]
[WhiteTeam "Chess Pathshala"]
[BlackTeam "Chess Gyaan"]
[WhiteTeamCountry "IND"]
[BlackTeamCountry "IND"]

1. d4 Nf6 2. c4 e6 3. Nf3 b6 4. a3 Bb7 5. Nc3 Ne4 6. Nxe4 Bxe4 7. e3 f5 8. Bd3 Bxd3 9. Qxd3 Bd6 10. 0-0 0-0 11. e4 fxe4 12. Qxe4 Nc6 13. Ng5 g6 14. d5 exd5 15. Qxd5+ Kg7 16. Ne4 Rf5 17. Qd3 Be5 18. Ng3 Rf7 19. Ra2 Qh4 20. b4 Raf8 21. Be3 Bf4 22. Qc3+ Kg8 23. Re2 Be5 24. Qd3 Bg7 25. f4 Bh6 26. b5 Ne7 27. Qxd7 Nc8 28. Qd5 Nd6 29. Ref2 Qe7 30. Bd4 Rd8 31. Re2 Qf8 32. Be5 Nf5 33. Qc6 Nxg3 34. hxg3 Qxa3 35. Bxc7 Rc8 36. Re8+ Rxe8 37. Qxe8+ Bf8 38. Bb8 Qxg3 39. f5 Qd3 40. Be5 Qxc4 41. f6 Qc5+ 42. Kh1 Qd5 43. Rf3 Qd1+ 44. Kh2 Qd7 45. Qb8 Qb7 46. Qd8 Qd7 47. Qb8 Qxb5 48. Bd6 Qh5+ 49. Rh3 Qd5 50. Be7 Qf5 51. Rf3 Qh5+ 52. Rh3 Qf5 53. Rf3 Qh5+ 54. Rh3 Qd5 55. Rf3 Qe6 56. Qd8 Qe5+ 57. Kh1 Qe1+ 58. Kh2 Qe5+ 59. Kh1 a5 60. Qa8 Qe1+ 61. Kh2 Qe5+ 62. Kh1 h6 63. Rd3 Qe1+ 64. Kh2 Qe5+ 65. Kh1 Qe1+ 66. Kh2 Qh4+ 67. Kg1 Qe1+ 68. Kh2 1/2-1/2

[Event "Titled Tuesday intern op 14th April"]
[Site "Chess.com INT"]
[Date "2020.04.14"]
[Round "6"]
[White "Chan, Yi Ren Daniel"]
[Black "Krishnater, Kushager"]
[Result "1-0"]
[WhiteElo "2316"]
[BlackElo "2410"]
[PlyCount "49"]
[EventDate "2020.04.14"]
[EventType "swiss (blitz)"]
[EventRounds "10"]
[EventCountry "USA"]
[SourceTitle "EXT 2021"]
[Source "ChessBase"]
[SourceDate "2020.10.23"]
[SourceVersion "1"]
[SourceVersionDate "2020.10.23"]
[SourceQuality "1"]

1. e4 e5 2. Nf3 Nc6 3. Bb5 a6 4. Ba4 Nf6 5. Qe2 b5 6. Bb3 Bc5 7. c3 0-0 8. d3 h6 9. Nbd2 d6 10. Nf1 Be6 11. Bc2 d5 12. Ng3 dxe4 13. Nxe4 Nxe4 14. Qxe4 Bd5 15. Qe2 Qf6 16. Be3 Bxf3 17. gxf3 Bd6 18. 0-0-0 a5 19. Rhg1 a4 20. Rg4 a3 21. b3 b4 22. Rdg1 bxc3 23. d4 Nb4 24. dxe5 Qxe5 25. Bd4 1-0

[Event "Titled Tuesday intern op 14th April"]
[Site "Chess.com INT"]
[Date "2020.04.14"]
[Round "7"]
[White "Krishnater, Kushager"]
[Black "Covic, Filip"]
[Result "1-0"]
[WhiteElo "2410"]
[BlackElo "2314"]
[PlyCount "79"]
[EventDate "2020.04.14"]
[EventType "swiss (blitz)"]
[EventRounds "10"]
[EventCountry "USA"]
[SourceTitle "EXT 2021"]
[Source "ChessBase"]
[SourceDate "2020.10.23"]
[SourceVersion "1"]
[SourceVersionDate "2020.10.23"]
[SourceQuality "1"]

1. e4 c5 2. Nf3 Nc6 3. Nc3 g6 4. d4 cxd4 5. Nxd4 Bg7 6. Be3 Nf6 7. Bc4 0-0 8. Bb3 d6 9. f3 Bd7 10. Qd2 Nxd4 11. Bxd4 b5 12. h4 a5 13. a4 bxa4 14. Bxa4 Bxa4 15. Rxa4 Qd7 16. h5 d5 17. hxg6 fxg6 18. Bxf6 Bxf6 19. Qxd5+ Qxd5 20. Nxd5 Bxb2 21. Nxe7+ Kg7 22. Ke2 Bc3 23. Nd5 Rac8 24. Rb1 Bb4 25. Kd3 Rfd8 26. Rb3 Ra8 27. c3 Bd6 28. Rb5 Be5 29. Raxa5 Rac8 30. Rc5 Rb8 31. f4 Bd6 32. Rcb5 Rxb5 33. Rxb5 Bxf4 34. Rb7+ Kh6 35. Kd4 g5 36. c4 Kg6 37. c5 h5 38. c6 h4 39. c7 Rc8 40. Ne7+ 1-0

[Event "Sitges Sunway op 6th"]
[Site "Sitges"]
[Date "2019.12.22"]
[Round "10"]
[White "Kobo, Ori"]
[Black "Krishnater, Kushager"]
[Result "0-1"]
[WhiteElo "2457"]
[BlackElo "2308"]
[PlyCount "72"]
[EventDate "2019.12.13"]
[EventType "swiss"]
[EventRounds "10"]
[EventCountry "ESP"]
[SourceTitle "CBM 193 Extra"]
[Source "ChessBase"]
[SourceDate "2020.01.31"]
[SourceVersion "1"]
[SourceVersionDate "2020.01.31"]
[SourceQuality "1"]

1. d4 Nf6 2. c4 g6 3. Nc3 Bg7 4. e4 d6 5. Nf3 0-0 6. Be2 e5 7. d5 a5 8. h3 Na6 9. Bg5 Nc5 10. Nd2 Bd7 11. Qc2 h6 12. Be3 Nh7 13. g4 f5 14. f3 Bf6 15. Bxh6 Bh4+ 16. Kd1 Rf7 17. Be3 a4 18. exf5 gxf5 19. Bxc5 dxc5 20. gxf5 a3 21. b3 Bf2 22. Nde4 Bd4 23. Bd3 Qh4 24. Qd2 Bxf5 25. Kc2 Bxe4 26. Bxe4 Ng5 27. Rhg1 Bxg1 28. Rxg1 Rg7 29. d6 cxd6 30. Bxb7 Rf8 31. Rg4 Qh7+ 32. Ne4 Nxf3 33. Qd5+ Rff7 34. Bc8 Rxg4 35. Bxg4 Ng5 36. Bh5 Qxe4+ 0-1

[Event "El Prat de Llobregat op-A 1st"]
[Site "El Prat de Llobregat"]
[Date "2019.12.03"]
[Round "1"]
[White "Puranik, Abhimanyu Sameer"]
[Black "Krishnater, Kushager"]
[Result "1/2-1/2"]
[WhiteElo "2580"]
[BlackElo "2308"]
[PlyCount "47"]
[EventDate "2019.12.03"]
[EventType "swiss"]
[EventRounds "9"]
[EventCountry "ESP"]
[SourceTitle "CBM 193 Extra"]
[Source "ChessBase"]
[SourceDate "2020.01.31"]
[SourceVersion "1"]
[SourceVersionDate "2020.01.31"]
[SourceQuality "1"]

1. Nf3 Nf6 2. g3 g6 3. b3 Bg7 4. Bb2 d6 5. d4 c5 6. Bg2 cxd4 7. Nxd4 d5 8. c4 0-0 9. 0-0 e5 10. Nb5 a6 11. N5c3 d4 12. Nd5 Nc6 13. f4 Be6 14. Nxf6+ Qxf6 15. Nd2 Qe7 16. fxe5 Rad8 17. Nf3 Nxe5 18. Nxe5 Bxe5 19. Qd3 Bg7 20. Rad1 Rfe8 21. Qf3 b5 22. cxb5 axb5 23. Qf2 Bd5 24. Bxd5 1/2-1/2

[Event "Balaton Summer's End GM"]
[Site "Balatonlelle"]
[Date "2019.09.05"]
[Round "9"]
[White "Krishnater, Kushager"]
[Black "Sek, Konstantin"]
[Result "1-0"]
[WhiteElo "2324"]
[BlackElo "2469"]
[PlyCount "71"]
[EventDate "2019.08.29"]
[EventType "tourn"]
[EventRounds "9"]
[EventCountry "HUN"]
[EventCategory "6"]
[SourceTitle "EXT 2020"]
[Source "ChessBase"]
[SourceDate "2019.10.17"]
[SourceVersion "1"]
[SourceVersionDate "2019.10.17"]
[SourceQuality "1"]

1. d4 Nf6 2. c4 c5 3. d5 e6 4. Nf3 exd5 5. cxd5 d6 6. e4 a6 7. Bd3 Bg4 8. h3 Bxf3 9. Qxf3 g6 10. 0-0 Bg7 11. Nd2 0-0 12. a4 Nbd7 13. Nc4 Nb6 14. Bg5 Nxc4 15. Bxc4 h6 16. Bh4 Qe7 17. Rae1 g5 18. Bg3 Nd7 19. Qf5 Ne5 20. Be2 Rab8 21. f4 gxf4 22. Bxf4 b5 23. axb5 axb5 24. Bh5 c4 25. Re3 Kh8 26. Rg3 Rbc8 27. Rxg7 Kxg7 28. Bd2 Ng6 29. Bc3+ Kh7 30. Bf6 Qa7+ 31. Kh1 Rg8 32. h4 Rgf8 33. e5 dxe5 34. d6 Rg8 35. d7 Rcf8 36. Bxe5 1-0

[Event "Balaton Summer's End GM"]
[Site "Balatonlelle"]
[Date "2019.09.03"]
[Round "7"]
[White "Krstulovic, Alex"]
[Black "Krishnater, Kushager"]
[Result "0-1"]
[WhiteElo "2338"]
[BlackElo "2324"]
[PlyCount "78"]
[EventDate "2019.08.29"]
[EventType "tourn"]
[EventRounds "9"]
[EventCountry "HUN"]
[EventCategory "6"]
[SourceTitle "EXT 2020"]
[Source "ChessBase"]
[SourceDate "2019.10.17"]
[SourceVersion "1"]
[SourceVersionDate "2019.10.17"]
[SourceQuality "1"]

1. d4 Nf6 2. c4 g6 3. Nc3 Bg7 4. e4 d6 5. Nge2 0-0 6. Ng3 Nbd7 7. Be2 h5 8. Be3 c5 9. d5 a6 10. 0-0 h4 11. Nh1 b5 12. cxb5 axb5 13. Bxb5 h3 14. g3 Ba6 15. Bxa6 Rxa6 16. Qe2 Qa5 17. f3 Rb6 18. Rac1 Rfb8 19. Rc2 Nh7 20. Rfc1 Qa6 21. Qxa6 Rxa6 22. f4 Nb6 23. b3 Bxc3 24. Rxc3 Rxa2 25. Nf2 f5 26. exf5 gxf5 27. Rd3 Nf6 28. Nxh3 Nbxd5 29. Rcd1 Nb4 30. R3d2 Ra3 31. Rb2 Nbd5 32. Bf2 Rbxb3 33. Rdb1 Rxb2 34. Rxb2 Ne3 35. Bxe3 Rxe3 36. Kf2 Ng4+ 37. Kg2 c4 38. Ng5 Rb3 39. Re2 c3 0-1

[Event "Balaton Summer's End GM"]
[Site "Balatonlelle"]
[Date "2019.09.01"]
[Round "4"]
[White "Krishnater, Kushager"]
[Black "Czebe, Attila"]
[Result "1/2-1/2"]
[WhiteElo "2324"]
[BlackElo "2413"]
[PlyCount "65"]
[EventDate "2019.08.29"]
[EventType "tourn"]
[EventRounds "9"]
[EventCountry "HUN"]
[EventCategory "6"]
[SourceTitle "EXT 2020"]
[Source "ChessBase"]
[SourceDate "2019.10.17"]
[SourceVersion "1"]
[SourceVersionDate "2019.10.17"]
[SourceQuality "1"]

1. e4 c5 2. Nf3 e6 3. d4 cxd4 4. Nxd4 a6 5. c4 Bc5 6. Nb3 Be7 7. Be2 d6 8. 0-0 Nf6 9. Nc3 0-0 10. Be3 Nbd7 11. f4 b6 12. g4 Bb7 13. Qd3 Nc5 14. Nxc5 dxc5 15. Qc2 Qc7 16. g5 Nd7 17. h4 Rad8 18. Bf3 Nb8 19. e5 Nc6 20. Qg2 Kh8 21. Rad1 Rb8 22. Kh1 Rfd8 23. b3 Nd4 24. Bxb7 Qxb7 25. Qxb7 Rxb7 26. Bxd4 cxd4 27. Ne4 d3 28. Rf3 d2 29. Rf2 Bb4 30. a3 Bxa3 31. Rfxd2 Rxd2 32. Rxd2 Rb8 33. Rd4 1/2-1/2

[Event "Balaton Summer's End GM"]
[Site "Balatonlelle"]
[Date "2019.09.01"]
[Round "5"]
[White "Martinovici, Ilie"]
[Black "Krishnater, Kushager"]
[Result "1/2-1/2"]
[WhiteElo "2405"]
[BlackElo "2324"]
[PlyCount "24"]
[EventDate "2019.08.29"]
[EventType "tourn"]
[EventRounds "9"]
[EventCountry "HUN"]
[EventCategory "6"]
[SourceTitle "EXT 2020"]
[Source "ChessBase"]
[SourceDate "2019.10.17"]
[SourceVersion "1"]
[SourceVersionDate "2019.10.17"]
[SourceQuality "1"]

1. d4 Nf6 2. c4 b6 3. Nc3 Bb7 4. Qc2 d5 5. cxd5 Nxd5 6. Nxd5 Qxd5 7. Nf3 e6 8. Qxc7 Na6 9. Qe5 Nb4 10. Qxd5 Bxd5 11. Kd1 Bd6 12. Nd2 f5 1/2-1/2

[Event "Anogia op 8th"]
[Site "Anogia"]
[Date "2019.08.23"]
[Round "7"]
[White "Krishnater, Kushager"]
[Black "Vaishali, Ramesh Babu"]
[Result "0-1"]
[WhiteElo "2324"]
[BlackElo "2411"]
[PlyCount "54"]
[EventDate "2019.08.18"]
[EventType "swiss"]
[EventRounds "9"]
[EventCountry "GRE"]
[SourceTitle "EXT 2020"]
[Source "ChessBase"]
[SourceDate "2019.10.17"]
[SourceVersion "1"]
[SourceVersionDate "2019.10.17"]
[SourceQuality "1"]

1. e4 e5 2. Nf3 Nc6 3. Bb5 a6 4. Ba4 Nf6 5. 0-0 b5 6. Bb3 Bb7 7. d3 Be7 8. Nc3 0-0 9. a3 d6 10. Nd5 Nxd5 11. Bxd5 Qd7 12. b4 Bf6 13. Be3 Rab8 14. c4 Nd8 15. Bxb7 Rxb7 16. Nd2 Ne6 17. Nb3 Bg5 18. Bxg5 Nxg5 19. Qc1 Ne6 20. Qe3 bxc4 21. dxc4 c5 22. bxc5 Qa4 23. Nc1 Nd4 24. Qg5 f6 25. Qg4 dxc5 26. Ne2 Qd7 27. Qxd7 Nxe2+ 0-1

[Event "Anogia op 8th"]
[Site "Anogia"]
[Date "2019.08.21"]
[Round "5"]
[White "Krishnater, Kushager"]
[Black "Tsekmes, Dimitrios"]
[Result "1-0"]
[WhiteElo "2324"]
[BlackElo "2190"]
[PlyCount "51"]
[EventDate "2019.08.18"]
[EventType "swiss"]
[EventRounds "9"]
[EventCountry "GRE"]
[SourceTitle "EXT 2020"]
[Source "ChessBase"]
[SourceDate "2019.10.17"]
[SourceVersion "1"]
[SourceVersionDate "2019.10.17"]
[SourceQuality "1"]

1. d4 Nf6 2. c4 e6 3. Nf3 b6 4. a3 Ba6 5. Qc2 c5 6. d5 exd5 7. cxd5 Bb7 8. e4 Qe7 9. Bd3 Nxd5 10. Bg5 f6 11. 0-0 Nc7 12. Bf4 d6 13. Nc3 Nd7 14. b4 0-0-0 15. bxc5 Nxc5 16. Rfe1 Kb8 17. a4 N7e6 18. Nd5 Nxf4 19. Nxe7 Nfxd3 20. Nd5 Nxe1 21. Rxe1 g6 22. a5 Bg7 23. axb6 axb6 24. Qb1 Bxd5 25. exd5 Kb7 26. Qb5 1-0

[Event "Abu Dhabi op 26th"]
[Site "Abu Dhabi"]
[Date "2019.08.08"]
[Round "7"]
[White "Costachi, Mihnea"]
[Black "Krishnater, Kushager"]
[Result "1/2-1/2"]
[WhiteElo "2471"]
[BlackElo "2324"]
[PlyCount "38"]
[EventDate "2019.08.02"]
[EventType "swiss"]
[EventRounds "9"]
[EventCountry "UAE"]
[SourceTitle "CBM 191 Extra"]
[Source "ChessBase"]
[SourceDate "2019.09.30"]
[SourceVersion "1"]
[SourceVersionDate "2019.09.30"]
[SourceQuality "1"]

1. d4 Nf6 2. c4 g6 3. Nc3 Bg7 4. e4 d6 5. h3 0-0 6. Be3 c6 7. Nf3 Na6 8. Be2 e5 9. 0-0 exd4 10. Nxd4 Re8 11. Bf3 Nc5 12. Qc2 Qe7 13. Rfe1 Bd7 14. Rad1 Nfxe4 15. Bxe4 Nxe4 16. Bc1 f5 17. f3 Qh4 18. Nxe4 Bxd4+ 19. Kf1 fxe4 1/2-1/2

[Event "Mumbai Mayors Cup 12th"]
[Site "Mumbai"]
[Date "2019.06.11"]
[Round "4"]
[White "Ter Sahakyan, Samvel"]
[Black "Krishnater, Kushager"]
[Result "1-0"]
[WhiteElo "2611"]
[BlackElo "2376"]
[PlyCount "29"]
[EventDate "2019.06.09"]
[EventType "swiss"]
[EventRounds "10"]
[EventCountry "IND"]
[SourceTitle "CBM 190 Extra"]
[Source "ChessBase"]
[SourceDate "2019.07.15"]
[SourceVersion "1"]
[SourceVersionDate "2019.07.15"]
[SourceQuality "1"]

1. e4 c5 2. Nf3 Nc6 3. Nc3 Nf6 4. Bb5 Nd4 5. e5 Nxb5 6. Nxb5 Nd5 7. Ng5 e6 8. Ne4 f5 9. Nbd6+ Bxd6 10. Nxd6+ Kf8 11. d4 cxd4 12. Qh5 g6 13. Qh6+ Kg8 14. Bg5 Qf8 15. 0-0-0 1-0